The power of concentration

Bibliographic Details
Main Author: Dumont, Theron Q
Corporate Author: Title
Format: Book
Published: Selangor : Masterpiece Publication , 2006
Subjects:

MARC

LEADER 00000cam a2200000 7i4500
001 0000012362
005 20080711.0
008 071213
020 |a 9833710034 
090 0 0 |a 158.1   |b DUM 
100 1 |a Dumont, Theron Q 
245 1 4 |a The power of concentration   |c Theron Q. Dumont 
260 |a Selangor :   |b Masterpiece Publication ,   |c 2006 
650 0 |a Attention 
650 0 |a Concentrated study 
650 0 |a English fiction 
710 0 |a Title 
999 |a 0001003836   |b Book   |c Adult Collection   |e Perbadanan Perpustakaan Awam Johor 
999 |a 0001011202   |b Book   |c Adult Collection   |e Perbadanan Perpustakaan Awam Johor 
999 |a 0001011203   |b Book   |c Adult Collection   |e Cawangan AEON Kulaijaya 
999 |a 0001011204   |b Book   |c Adult Collection   |e Cawangan AEON Kulaijaya 
999 |a 0001020211   |b Book   |c Adult Collection   |e Cawangan Tangkak 
999 |a 0001020212   |b Book   |c Adult Collection   |e Cawangan Segamat 
999 |a 0001058047   |b Book   |c Adult Collection   |e Cawangan Pontian